00432nam a2200157Ia 4500008004100000020001500041041001200056082001600068100001700084245009500101250000800196260002500204300000800229650002100237700001600258221030s9999 xx 000 0 und d a0070486778 aEnglish a105.23bRog aD. F. Rogers 0aMathematical Elements for Computer Graphics ( DEPARTMENTAL )cby D. F. Rogers, J. A. Adams a2nd bTMHaNew Delhic2004 a611 aCSE Departmental aJ. A. Adams